00346nam a2200133Ia 4500003000400000008004100004040001600045082001300061100002000074245004400094260003200138300000800170650003400178GCL140319s9999 xx 000 0 eng d aGCL / cGCL04a723bF A1 aFOCILLON, HENRI10aThe Art of the West / cFOCILLON, HENRI a[S.N] : bPHAIDON ، c1980 a31304aARCHITECTURE, MEDIEVAL EUROPE